Avances de Investigación 1976 (17). Magnitudes provisionales de los sismos centroameticanos no anotados en los catálogos de magnitudes de Gutemberg-Richter y Rothe/
Wedi'i Gadw mewn:
| Prif Awdur: | |
|---|---|
| Fformat: | Dogfen y Llywodraeth Llyfr |
| Iaith: | Spanish |
| Pynciau: | |
| Tagiau: |
Ychwanegu Tag
Dim Tagiau, Byddwch y cyntaf i dagio'r cofnod hwn!
|
MARC
| LEADER | 00000nam a22000007a 4500 | ||
|---|---|---|---|
| 003 | cru IIS | ||
| 005 | 20220705093116.0 | ||
| 007 | ta | ||
| 008 | 220523s1990 cr |||p|r|||| 00| 0 spa d | ||
| 040 | |c cru IIS | ||
| 086 | |a REV0053 (17) 1976 | ||
| 100 | 1 | |9 10497 |a Miyamura, Setumi |e Autor | |
| 245 | 1 | |a Avances de Investigación 1976 (17). |b Magnitudes provisionales de los sismos centroameticanos no anotados en los catálogos de magnitudes de Gutemberg-Richter y Rothe/ |c Setumi Miyamura | |
| 300 | |a 16 páginas | ||
| 500 | |a Colección Centroamérica | ||
| 505 | |a Sismos centroamericanos en el sumario sismológicos internacional y en los catálogos de magnitudes de Gutemberg y Richter (1954) y Rothe (1969) / Setumi Miyamura (páginas 1-2) Magnitudes provisionales de los mayores sismos de la América media. Para agregarse al catalogo de Gutemberg y Richter / Setumi Miyamura (páginas 3-4) Conclusiones / Setumi Miyamura (páginas 6-7) Referencias (páginas 9-10) | ||
| 650 | 0 | |9 2212 |a SISMOLOGIA | |
| 651 | 0 | |9 308 |a CENTROAMERICA | |
| 942 | |2 ddc |c PP | ||
| 999 | |c 44358 |d 44358 | ||
| 773 | 0 | |0 19073 |9 7509 |a Universidad de Costa Rica. |d San José, Costa Rica UCR. FCS. IIS |o 22668 |t Avances de Investigación/ | |
